000 01157cam a22002891i 4500
003 SA-RiAUC
005 20250410072446.0
008 250315s2002 su g b 00000 ara c
020 _a9960417905
040 _aSA-RiAUC
_bara
_cSA-RiAUC
_erda
082 0 4 _a371.9531
_qSA-RiAUC
090 _a371.9531
_b ع ب د و
100 1 _aعبد الواسع، عبد الوهاب أحمد،
_d1348 هجري-
_eمؤلف.
245 1 0 _aمدارسنا والتربية /
_cعبد الوهاب أحمد عبد الواسع.
250 _aالطبعة الرابعة، مزيدة ومنقحة.
264 1 _aمكة المكرمة :
_bدار الفودة،
_c[2002]
300 _a110 صفحة ؛
_c24 سم.
336 _aنص
_btxt
_2rdacontent
_3كتاب
337 _aبدون وسيط
_bn
_2rdamedia
338 _aمجلد
_bnc
_2rdacarrier
490 0 _aدراسات في التربية والتعليم ؛
_v1
504 _aيشتمل على إرجاعات ببليوجرافية.
650 7 _aالتعليم
_xفلسفة
_2aucsh
650 7 _aالتربية الإسلامية
_2aucsh
942 _2ddc
_cBOOK
_n0
949 _aSA-JeALM
_d250315
_umohamedma123
_n1
999 _c6834
_d6834